| 000 | 00891nam a22002415a 4500 | ||
|---|---|---|---|
| 003 | OSt | ||
| 005 | 20170405145746.0 | ||
| 008 | 170404s2013 ua frb 000 0 ara d | ||
| 020 | _a9789770471876 | ||
| 040 |
_aEG-ScBUE _bara _cEG-ScBUE |
||
| 043 | _af-ua--- | ||
| 082 | 0 | 4 |
_a344.62041 _bم ح م _222 |
| 100 | 1 | _aمحمود، قدري محمد. | |
| 245 | 1 | 2 |
_aالمسئولية التأديبية للأطباء / _cقدري محمد محمود. |
| 260 |
_aالقاهرة : _bدار النهضة العربية، _c2013. |
||
| 300 |
_a294 ص. ؛ _c24 سم. |
||
| 504 | _aيشتمل على إرجاعات ببليوجرافية. | ||
| 650 | 7 |
_aالمسئولية الجنائية للأطباء _zمصر. _2BUEsh _941154 |
|
| 650 | 7 |
_aالأطباء _xوضع قانوني، قوانين، إلخ. _zمصر. _2BUEsh _941156 |
|
| 651 | _2BUEsh | ||
| 653 |
_bLLAAWW _cApril2017 |
||
| 942 | _2ddc | ||
| 999 |
_c24602 _d24574 |
||